000 01083nam a2200337 c 4500
999 _c18135
_d18135
003 BLK
005 20220224131406.0
008 180413b bul|||||r ||||||| ||bul||
010 _aKNG00020162000
020 _a954-8831-25-2
040 _aBLK
041 _aBUL
_cBUL
072 7 _2bullib
_aЯ
_xАвтографи
080 _aБългарска литература
_b821.163.2
_x-32
_z821.163.2-32
100 1 _aДимов, Тодор
_eпърви автор
_9256073
139 _aДимов, Тодор
_bД 60
245 1 0 _aЗлатният шанс
_bРазкази
_cТодор Димов.
257 _aBGR
260 _bОрел, рак и щука
_c1997
300 _a102 с.
_bс ил.
_c21 см
380 _aX
490 1 _aПоредица Днес и утре
500 _a500 тир.
653 _aразкази
659 _aЯ
852 _aЦб 195352
852 _aК 821.163.2/Д 60 Т
856 4 _qpdf
_u
856 4 _qpdf
_u
942 _cKNG
_n0
_s1
944 _aCR
_c15.01.2003
_kРенета_Константинова
944 _aED
_c05.11.2014
999 _d18135